Catálogo público

Desarrollo y caracterización de un pastel cárnico elaborado con carne de cerdo y uno de pavo bajo en colesterol / (Record no. 171268)

MARC details
000 -CABECERA
campo de control de longitud fija 03691nam a2200433 a 4500
001 - NÚMERO DE CONTROL
campo de control dia_719
003 - IDENTIFICADOR DEL NÚMERO DE CONTROL
campo de control CHAP
005 - FECHA Y HORA DE LA ÚLTIMA TRANSACCIÓN
campo de control 20250930100212.0
007 - CAMPO FIJO DE DESCRIPCIÓN FÍSICA--INFORMACIÓN GENERAL
campo de control de longitud fija ta
008 - DATOS DE LONGITUD FIJA--INFORMACIÓN GENERAL
campo de control de longitud fija 220117s1994 mx ad f m a001 0 spa d
010 ## - NÚMERO DE CONTROL DE LA BIBLIOTECA DEL CONGRESO
Número de control de LC 171268
040 ## - FUENTE DE LA CATALOGACIÓN
Centro catalogador/agencia de origen mxchpua
Centro/agencia transcriptor CHAP
041 0# - CÓDIGO DE LENGUA
Código de lengua del texto/banda sonora o título independiente spa
Código de lengua del sumario o resumen eng
090 ## - LOCALMENTE ASIGNADO TIPO-LC NÚMERO DE CLASIFICACIÓN (OCLC); NÚMERO DE CLASIFICACIÓN LOCAL (RLIN)
Número de clasificación (OCLC) (R) ; Numero de clasificación, CALL (RLIN) (NR) Tesis
Número cutter local (OCLC) ; Número de libro/Signatura topográfica íntegra, CALL (RLIN) P47
año 1994
100 1# - ENTRADA PRINCIPAL--NOMBRE DE PERSONA
Nombre de persona Peralta Rodríguez, David
245 10 - MENCIÓN DE TÍTULO
Título Desarrollo y caracterización de un pastel cárnico elaborado con carne de cerdo y uno de pavo bajo en colesterol /
Mención de responsabilidad, etc. David Peralta Rodríguez
264 ## - PRODUCCIÓN, PUBLICACIÓN, DISTRIBUCIÓN, FABRICACIÓN Y COPYRIGHT
Producción, publicación, distribución, fabricación y copyright Chapingo, México :
Nombre del de productor, editor, distribuidor, fabricante El autor,
Fecha de producción, publicación, distribución, fabricación o copyright 1994
300 ## - DESCRIPCIÓN FÍSICA
Extensión v, 95 hojas :
Otras características físicas ilustraciones, tablas, gráficas
336 ## - TIPO DE CONTENIDO
Fuente rdacontent
Término de tipo de contenido texto
Código de tipo de contenido txt
337 ## - TIPO DE MEDIO
Fuente rdamedia
Nombre/término del tipo de medio no mediado
Código del tipo de medio n
338 ## - TIPO DE SOPORTE
Fuente rdacarrier
Nombre/término del tipo de soporte volumen
Código del tipo de soporte nc
502 ## - NOTA DE TESIS
Nota de tesis Tesis
Tipo de título (Ingeniero Agroindustrial) --
Nombre de la institución que otorga el título UACh. Departamento de Ingeniería Agroindustrial,
Año de obtención del título 1994
504 ## - NOTA DE BIBLIOGRAFÍA, ETC.
Nota de bibliografía, etc. Bibliografía: hojas 91-94
520 3# - SUMARIO, ETC.
Sumario, etc. En los últimos años se a observado la aparición en el mercado nacional de numerosos alimentos importados, entre embutidos, cuyo contenido en grasas saturadas y colesterol son más apropiados para personas con restricciones dietéticas. El objetivo de este trabajo fue el desarrollo de un pastel cárnico elaborado con carne y lardo de cerdo y el de uno bajo en colesterol a partir de carne de pavo y grasa de soya. Debido aque la textura de los alimentos está relacionada directamente con su composición, también se realizó su caracterización reológica, mediante un viscoelastómetro de placas paralelas.La composición bromatológica y calidad microbiológica de los productos desarrollados, fueron similares y estuvieron acordé con la Norma Oficial que los rige. Los resultados de evaluación sensorial de textura, presentaron relación directa con los obtenidos en la determinación instrumental. Ambas pruebas indicaron menor firmeza en el pastel cárnico de pavo Y grasas vegetal. También se observó una mayor resistencia a la decoración por el producto a base de carne de cerdo. El pastel cárnico elaborado con pavo presentó una reducción de 62.4% en colesterol, con respecto al cerdo, además el costo de su materia prima fue menor (8.42%), en cambio el rendimiento fue mayor en 1.3%.
520 3# - SUMARIO, ETC.
Sumario, etc. In the last years, it have been observed the appearence in the mexican market of several imported meals, the sausages aré included in then. They contain satured fats and cholesterol in nevels recomended to people with diet restriccions.The objetive of this work was the development of two meat cakes. The first one made with lard and pork meat, and the second one made with soy beans fats and turkey meat, the last meat cake had low cholesterol level. Due to the fact that meal texture is directly related with its composition, it was carried a andr eologic characterization. using a paralell plate viscoelastometer. The bromatologic composition and microbiologic quality of the developed products were according whit the regent official norm.the results of the sensorial evaluation of texture showed a direct relationship with thoseobtained in the imstrumental evaluation .
650 13 - PUNTO DE ACCESO ADICIONAL DE MATERIA--TÉRMINO DE MATERIA
Término de materia o nombre geográfico como elemento de entrada Productos cárnicos
Fuente del encabezamiento o término atg
650 13 - PUNTO DE ACCESO ADICIONAL DE MATERIA--TÉRMINO DE MATERIA
Término de materia o nombre geográfico como elemento de entrada Carne de pavo
Fuente del encabezamiento o término atg
650 13 - PUNTO DE ACCESO ADICIONAL DE MATERIA--TÉRMINO DE MATERIA
Término de materia o nombre geográfico como elemento de entrada Carne de cerdo
Fuente del encabezamiento o término atg
650 13 - PUNTO DE ACCESO ADICIONAL DE MATERIA--TÉRMINO DE MATERIA
Término de materia o nombre geográfico como elemento de entrada Meat products
Fuente del encabezamiento o término atg
650 13 - PUNTO DE ACCESO ADICIONAL DE MATERIA--TÉRMINO DE MATERIA
Término de materia o nombre geográfico como elemento de entrada Turkey meat
Fuente del encabezamiento o término atg
650 13 - PUNTO DE ACCESO ADICIONAL DE MATERIA--TÉRMINO DE MATERIA
Término de materia o nombre geográfico como elemento de entrada Pork
Fuente del encabezamiento o término atg
700 1# - PUNTO DE ACCESO ADICIONAL--NOMBRE DE PERSONA
Nombre de persona Lobato Calleros, Consuelo Silvia Olivia
Término indicativo de función/relación directora
700 1# - PUNTO DE ACCESO ADICIONAL--NOMBRE DE PERSONA
Nombre de persona Santos Moreno, Armando
Término indicativo de función/relación asesor
700 1# - PUNTO DE ACCESO ADICIONAL--NOMBRE DE PERSONA
Nombre de persona Mejenes Quijano, Amilcar Renán
Término indicativo de función/relación asesor
901 ## - ELEMENTOS DE DATOS A LOCAL LDA (RLIN)
a TESIS P47 1994
942 ## - ELEMENTOS DE PUNTO DE ACCESO ADICIONAL (KOHA)
Tipo de ítem Koha TESIS
Fuente del sistema de clasificación o colocación Clasificación Universidad Autónoma Chapingo
902 ## - ELEMENTOS DE DATOS B LOCAL, LDB (RLIN)
a M
905 ## - ELEMENTOS DE DATOS E LOCAL, LDE (RLIN)
a 0000001994 mx 0000000000spa00
Holdings
Estado de retiro Estado de pérdida Fuente del sistema de clasificación o colocación Estado dañado Restricciones de uso No para préstamo Código de colección Localización permanente Ubicación/localización actual Fecha de adquisición Fuente de adquisición Total de préstamos Signatura topográfica completa Código de barras Fecha visto por última vez Número de copia Precio válido a partir de Tipo de ítem Koha
    Clasificación Universidad Autónoma de Chapingo   Préstamo interno   Tesis Ingenieria Agroindustrial Ingenieria Agroindustrial 16/01/2023 El autor   Tesis P47 1994 1101013677 02/02/2026 Ej.1 16/01/2023 Tesis
    Clasificación Universidad Autónoma de Chapingo   Préstamo 5 días   Tesis Ingenieria Agroindustrial Ingenieria Agroindustrial 16/01/2023 El autor   Tesis P47 1994 1101016086 02/02/2026 Ej.2 16/01/2023 Tesis